000 01385cam a2200373 i 4500
999 _c2589
_d2589
001 19690829
003 OSt
005 20230724105420.0
008 170605s2015 enka 001 0 eng
010 _a 2017394229
020 _a9780198399599 (pbk)
020 _a0198399596 (pbk)
040 _aDLC
_beng
_erda
_cDLC
_dDLC
_dKH8
042 _apcc
050 0 0 _aQH308.2
_b.T66 2015
082 0 0 _a570 TOO
100 1 _aToole, Glenn,
_eauthor.
245 1 0 _aBiology in context :
_bfor Cambridge international AS & A level /
_cGlenn and Susan Toole ; Stephanie Fowler.
250 _aSecond edition.
264 1 _aOxford, United Kingdom :
_bOxford University Press,
_c[2015]
300 _ax, 447 pages :
_bcolor illustrations ;
_c28 cm
336 _atext
_btxt
_2rdacontent
337 _aunmediated
_bn
_2rdamedia
338 _avolume
_bnc
_2rdacarrier
500 _aIncludes index.
500 _aFirst published in 2013.
500 _aRevised edition of: Biology in context for Cambridge international A level / Glen and Susan Toole. Cheltenham. Nelson Thornes Ltd. 2013.
650 0 _aBiology
_vTextbooks.
700 1 _aToole, Susan,
_eauthor.
700 1 _aFowler, Stephanie,
_eauthor.
906 _a7
_bcbc
_corignew
_d2
_encip
_f20
_gy-gencatlg
942 _2ddc
_cTR